000 00259nam a2200109Ia 4500
005 20251222144732.0
008 251222s9999||||xx |||||||||||||| ||spa||
082 _a305.4/P43
245 0 _aMujeres a través de la historia:
264 _bPROMUDEH
942 _cLIB
999 _c18637
_d18637